000 00345nam a2200121Ia 4500
008 220204s9999 xx 000 0 und d
082 _a543.544:678
_bCAZ
245 0 _aLiquid chromatography of polymers and releated materials
260 _aNew York
_bMarcel Dekker
_c1981
650 _aLiquid chromatography
700 _aCazes, Jack
942 _cBK
999 _c37309
_d37309